[Event "16th ECh U20 Girls"]
[Site "Patras GRE"]
[Date "1999.10.12"]
[Round "7"]
[White "Polovnikova, Ekaterina"]
[Black "Pokorna, Regina"]
[Result "1/2-1/2"]
[WhiteElo "2299"]
[BlackElo "2198"]
[EventDate "1999.10.02"]
[PlyCount "41"]

1.d4 Nf6 2.Nf3 e6 3.g3 b5 4.Bg2 Bb7 5.O-O c5 6.a4 b4 7.Nbd2 Be7 8.dxc5 
Bxc5 9.Nc4 d5 10.Nce5 O-O 11.b3 Nbd7 12.Bb2 Rc8 13.e3 Qe7 14.a5 Ba6 15.Re1
Rfd8 16.h4 Ne4 17.Nd3 Bd6 18.Nd4 Nc3 19.Bxc3 Rxc3 20.Bf1 Rdc8 21.e4 
1/2-1/2

[Event "16th ECh U20 Girls"]
[Site "Patras GRE"]
[Date "1999.10.12"]
[Round "7"]
[White "Dacalor, Aurelie"]
[Black "Palotai, Piroska"]
[Result "1-0"]
[WhiteElo "2131"]
[BlackElo "2072"]
[EventDate "1999.10.02"]
[PlyCount "65"]

1.d4 Nf6 2.c4 g6 3.Nc3 Bg7 4.e4 d6 5.f4 O-O 6.Nf3 c5 7.d5 b5 8.cxb5 a6 9.
bxa6 Bxa6 10.Bxa6 Nxa6 11.O-O Qb6 12.Qe2 Nc7 13.h3 Rfb8 14.Kh2 Nb5 15.Nxb5
Qxb5 16.Rf2 Ra4 17.Nd2 Qxe2 18.Rxe2 Nh5 19.Nf3 Rab4 20.Rb1 c4 21.a3 R4b7 
22.e5 Bh6 23.Re4 c3 24.b4 Rc8 25.g3 Rbc7 26.b5 c2 27.Rb3 dxe5 28.Nxe5 g5 
29.b6 Rb7 30.fxg5 Bxg5 31.Bxg5 c1=Q 32.Bxc1 Rxc1 33.Rc4 1-0

[Event "16th ECh U20 Girls"]
[Site "Patras GRE"]
[Date "1999.10.12"]
[Round "7"]
[White "Bogza, Adina"]
[Black "Zozulia, Anna"]
[Result "1/2-1/2"]
[WhiteElo "2210"]
[BlackElo "2353"]
[EventDate "1999.10.02"]
[PlyCount "71"]

1.d4 g6 2.Nf3 Bg7 3.c3 Nf6 4.Bg5 O-O 5.Nbd2 d6 6.e4 c6 7.Be2 h6 8.Bh4 Nbd7
9.O-O Qc7 10.Qc2 e5 11.dxe5 Nxe5 12.Nxe5 dxe5 13.b4 Be6 14.Bc4 Bxc4 15.
Nxc4 Nh5 16.f3 b5 17.Ne3 a5 18.Bf2 Nf4 19.a4 bxa4 20.Rxa4 axb4 21.Rxb4 Ra3
22.Rc4 Qb7 23.g3 Nh3+ 24.Kg2 Nxf2 25.Rxf2 Rfa8 26.Rb4 Qa6 27.Nc4 c5 28.
Nxa3 cxb4 29.Nb1 Rc8 30.Qa2 Qxa2 31.Rxa2 bxc3 32.Rc2 Bf8 33.Rxc3 Rb8 34.
Na3 Rb2+ 35.Kh3 Bxa3 36.Rxa3 1/2-1/2

[Event "16th ECh U20 Girls"]
[Site "Patras GRE"]
[Date "1999.10.12"]
[Round "7"]
[White "Krivec, Jana"]
[Black "Reizniece, Dana"]
[Result "0-1"]
[WhiteElo "2177"]
[BlackElo "2294"]
[EventDate "1999.10.02"]
[PlyCount "40"]

1.e4 d6 2.d4 Nf6 3.Nc3 g6 4.Bg5 h6 5.Bh4 Bg7 6.e5 dxe5 7.dxe5 Qxd1+ 8.Rxd1
Nh5 9.Nd5 Bxe5 10.Nf3 c6 11.Nxe7 Bxb2 12.Nxc8 Bc3+ 13.Ke2 Nf4+ 14.Ke3 Nd5+
15.Kd3 g5 16.Nd6+ Kd7 17.Nxf7 Na6 18.Nxh8 Re8 19.Nd4 b5 20.Ne6 Rxe6 0-1

[Event "16th ECh U20 Girls"]
[Site "Patras GRE"]
[Date "1999.10.12"]
[Round "7"]
[White "Kucypera, Anna"]
[Black "Sperdokli, Elli"]
[Result "1-0"]
[WhiteElo "2218"]
[BlackElo "2124"]
[EventDate "1999.10.02"]
[PlyCount "83"]

1.e4 c5 2.Nf3 d6 3.d4 cxd4 4.Nxd4 Nf6 5.Nc3 a6 6.Bg5 e6 7.f4 Qc7 8.Qf3 b5 
9.a3 Nbd7 10.O-O-O Bb7 11.Bd3 Qb6 12.Nb3 Rc8 13.Rhe1 b4 14.axb4 Qxb4 15.
Kb1 Nc5 16.Nxc5 Rxc5 17.Bf1 Nd7 18.Qe3 Nb6 19.Rd4 Nc4 20.Bxc4 Rxc4 21.Rxc4
Qxc4 22.Qb6 Qc8 23.Re3 h6 24.Bh4 Be7 25.Bxe7 Kxe7 26.Rg3 Rg8 27.e5 Qc6 28.
exd6+ Kd7 29.Qb4 g6 30.Na4 Qb5 31.Nc5+ Kc6 32.Qd4 Qxc5 33.Rc3 Qxc3 34.bxc3
Rd8 35.Qe4+ Kb6 36.Qb4+ Kc6 37.c4 Rxd6 38.c5 Rd7 39.Qb6+ Kd5 40.c4+ Kxc4 
41.c6 Rd5 42.cxb7 1-0

[Event "16th ECh U20 Girls"]
[Site "Patras GRE"]
[Date "1999.10.12"]
[Round "7"]
[White "Matnadze, Ana"]
[Black "Radziewicz, Iweta"]
[Result "1/2-1/2"]
[WhiteElo "2280"]
[BlackElo "2395"]
[EventDate "1999.10.02"]
[PlyCount "40"]

1.d4 Nf6 2.c4 d6 3.Nf3 Nbd7 4.g3 e5 5.Bg2 Be7 6.O-O O-O 7.Nc3 c6 8.e4 a6 
9.a4 a5 10.h3 exd4 11.Nxd4 Nc5 12.Be3 Re8 13.Qc2 Bf8 14.Rad1 Qb6 15.Rfe1 
g6 16.f4 Bg7 17.Bf2 Qb4 18.b3 Nh5 19.Nce2 Nf6 20.Nc1 Nfd7 1/2-1/2

[Event "16th ECh U20 Girls"]
[Site "Patras GRE"]
[Date "1999.10.12"]
[Round "7"]
[White "Mladenovic, Jelena"]
[Black "Virnik, Elena"]
[Result "1/2-1/2"]
[WhiteElo "2023"]
[BlackElo "2154"]
[EventDate "1999.10.02"]
[PlyCount "61"]

1.e4 c5 2.Nf3 d6 3.d4 cxd4 4.Nxd4 Nf6 5.Nc3 a6 6.Bd3 e6 7.O-O Be7 8.a4 O-O
9.Nb3 Nc6 10.Be3 d5 11.exd5 Nxd5 12.Nxd5 Qxd5 13.Qe2 Ne5 14.Rfd1 Nxd3 15.
Rxd3 Qe5 16.Qd2 Qh5 17.f4 f6 18.Rf1 b5 19.a5 Bb7 20.Rd7 Rad8 21.Bb6 Rxd7 
22.Qxd7 Qd5 23.Qxd5 Bxd5 24.Nc5 Bxc5+ 25.Bxc5 Rc8 26.b4 Kf7 27.Re1 Kg6 28.
g4 f5 29.h3 Be4 30.c3 Rd8 31.Bd4 1/2-1/2

[Event "16th ECh U20 Girls"]
[Site "Patras GRE"]
[Date "1999.10.12"]
[Round "7"]
[White "Potikha, Liza"]
[Black "Kalinina, Vladislava"]
[Result "0-1"]
[WhiteElo "2061"]
[BlackElo "2239"]
[EventDate "1999.10.02"]
[PlyCount "86"]

1.e4 e5 2.Nf3 d6 3.d4 Nf6 4.dxe5 Nxe4 5.Qd5 Nc5 6.Bg5 Be7 7.exd6 Qxd6 8.
Nc3 Ne6 9.Bxe7 Qxe7 10.O-O-O O-O 11.Qe4 c6 12.Bd3 g6 13.h4 Nd7 14.h5 Ndc5 
15.Qe3 Qf6 16.hxg6 fxg6 17.Bc4 Qf4 18.Qxf4 Rxf4 19.Rd8+ Kg7 20.Bxe6 Nxe6 
21.Re8 Kf7 22.Rh8 Nf8 23.Ng5+ Kg7 24.R8xh7+ Nxh7 25.Rxh7+ Kg8 26.Re7 Rxf2 
27.Nce4 Rf1+ 28.Kd2 Bg4 29.Nh7 Rh1 30.Nhf6+ Kf8 31.Rxb7 Be6 32.Ng5 Rd8+ 
33.Kc3 Bg8 34.Nd7+ Ke7 35.Nc5+ Kd6 36.Nge4+ Kd5 37.Kb4 Rh4 38.c4+ Kd4 39.
Ng5 a5+ 40.Kxa5 Kxc5 41.b4+ Kxc4 42.Nf3 Rh5+ 43.Kb6 Kxb4 0-1

[Event "16th ECh U20 Girls"]
[Site "Patras GRE"]
[Date "1999.10.12"]
[Round "7"]
[White "Nill, Jessica"]
[Black "Redondo Arguelles, Graciela"]
[Result "1-0"]
[WhiteElo "2168"]
[BlackElo "2067"]
[EventDate "1999.10.02"]
[PlyCount "73"]

1.d4 e6 2.c4 Nf6 3.Nc3 d5 4.cxd5 exd5 5.Qc2 Be7 6.Bg5 Nbd7 7.e3 O-O 8.Bd3 
b6 9.Nge2 Bb7 10.O-O c5 11.Rad1 h6 12.Bxf6 Nxf6 13.Bf5 c4 14.f3 Qe8 15.e4 
g6 16.e5 Nh7 17.Bg4 h5 18.Bh3 Ng5 19.Nf4 Nxh3+ 20.Nxh3 Rd8 21.f4 Bc8 22.f5
Bb4 23.f6 Bxh3 24.gxh3 Qe6 25.Rf3 Bxc3 26.bxc3 Kh7 27.Kh1 Rh8 28.Rg1 Qe8 
29.Re3 Rd6 30.Rf3 Re6 31.Rg5 Kh6 32.Qd2 Kh7 33.Rxh5+ gxh5 34.Qg5 Rxf6 35.
Rxf6 Qf8 36.e6 Qg7 37.Rxf7 1-0

[Event "16th ECh U20 Girls"]
[Site "Patras GRE"]
[Date "1999.10.12"]
[Round "7"]
[White "Tkeshelashvili, Sopio"]
[Black "Goletiani, Rusudan"]
[Result "1/2-1/2"]
[WhiteElo "2284"]
[BlackElo "2386"]
[EventDate "1999.10.02"]
[PlyCount "23"]

1.e4 e6 2.d4 d5 3.exd5 exd5 4.Nf3 Nf6 5.Bd3 Bd6 6.O-O O-O 7.c3 Bg4 8.h3 
Bh5 9.Bg5 Nbd7 10.Nbd2 c6 11.Qc2 h6 12.Bh4 1/2-1/2

[Event "16th ECh U20 Girls"]
[Site "Patras GRE"]
[Date "1999.10.13"]
[Round "8"]
[White "Polovnikova, Ekaterina"]
[Black "Matnadze, Ana"]
[Result "1/2-1/2"]
[WhiteElo "2299"]
[BlackElo "2280"]
[EventDate "1999.10.02"]
[PlyCount "81"]

1.b3 e5 2.Bb2 Nc6 3.g3 d5 4.Bg2 Nf6 5.e3 Bd6 6.Ne2 Be6 7.d3 Qd7 8.h3 Ne7 
9.c4 dxc4 10.dxc4 O-O-O 11.Nbc3 c6 12.Qc2 Qc7 13.O-O-O Bf5 14.e4 Be6 15.
Rhf1 Nd7 16.Rd2 Bc5 17.Na4 Bb4 18.Rdd1 Nc5 19.Nac3 Qa5 20.f4 f6 21.Kb1 Ba3
22.Ba1 Qb4 23.Nb5 Bxc4 24.Nxa7+ Kb8 25.Qxc4 Qxc4 26.bxc4 exf4 27.Nxc6+ 
Nxc6 28.Nxf4 Na5 29.e5 Nxc4 30.exf6 gxf6 31.Bxf6 Rxd1+ 32.Rxd1 Rc8 33.Rd8 
Na6 34.Rxc8+ Kxc8 35.Nd5 Bd6 36.g4 Nc5 37.Kc2 b5 38.g5 Kd7 39.Bf1 Na3+ 40.
Kb2 Ke6 41.Kxa3 1/2-1/2

[Event "16th ECh U20 Girls"]
[Site "Patras GRE"]
[Date "1999.10.13"]
[Round "8"]
[White "Batyte, Daiva"]
[Black "Nill, Jessica"]
[Result "1/2-1/2"]
[WhiteElo "2107"]
[BlackElo "2168"]
[EventDate "1999.10.02"]
[PlyCount "72"]

1.e4 d5 2.exd5 Qxd5 3.Nc3 Qa5 4.d4 c6 5.Bc4 Nf6 6.Ne2 e6 7.Bf4 Nbd7 8.O-O 
Be7 9.Ng3 O-O 10.a3 Nd5 11.Nxd5 exd5 12.Bd3 Nf6 13.Re1 Qd8 14.Nh5 Ne8 15.
Qf3 Be6 16.Re5 Bd6 17.Rg5 g6 18.Bxd6 Qxg5 19.Bxf8 Kxf8 20.Nf4 Bd7 21.h4 
Qg4 22.Qxg4 Bxg4 23.f3 Bd7 24.c3 Nd6 25.g4 Re8 26.Kf2 h6 27.Re1 Rxe1 28.
Kxe1 g5 29.hxg5 hxg5 30.Nh3 f6 31.Kf2 Ke7 32.Kg3 Nf7 33.Nf2 Nd8 34.Bc2 Ne6
35.Nd3 Kd6 36.f4 gxf4+ 1/2-1/2

[Event "16th ECh U20 Girls"]
[Site "Patras GRE"]
[Date "1999.10.13"]
[Round "8"]
[White "Buckley, Melanie"]
[Black "Makka, Ioulia"]
[Result "1/2-1/2"]
[WhiteElo "2075"]
[BlackElo "2099"]
[EventDate "1999.10.02"]
[PlyCount "94"]

1.e4 c6 2.d4 d5 3.f3 e6 4.Nc3 Bb4 5.Bf4 Nf6 6.Qd3 b6 7.Ne2 Ba6 8.Qe3 Nbd7 
9.a3 Be7 10.Ng3 Bxf1 11.Rxf1 a6 12.Qd3 b5 13.Bg5 Nb6 14.b3 h6 15.Be3 Qc7 
16.e5 Nfd7 17.f4 g6 18.Nd1 c5 19.Nb2 c4 20.bxc4 bxc4 21.Qe2 Nc8 22.Kf2 Na7
23.Kg1 Bh4 24.Qf3 Bxg3 25.Qxg3 Nb5 26.Nd1 Nb6 27.a4 Na7 28.Nc3 h5 29.Bc1 
Nc6 30.Qf2 Ne7 31.Nd1 Nbc8 32.Ba3 Nf5 33.c3 Rb8 34.g3 Rb3 35.h3 Qd8 36.Bc5
h4 37.g4 Ng3 38.Re1 Ne4 39.Rxe4 dxe4 40.Qe2 Qd5 41.Nf2 Qb7 42.Nxe4 Rb2 43.
Qf3 Kd8 44.Bb4 Qd5 45.Ba3 Rb3 46.Qe3 a5 47.Nd2 Rb7 1/2-1/2

[Event "16th ECh U20 Girls"]
[Site "Patras GRE"]
[Date "1999.10.13"]
[Round "8"]
[White "Goletiani, Rusudan"]
[Black "Iwaniuk, Dorota"]
[Result "1-0"]
[WhiteElo "2386"]
[BlackElo "2189"]
[EventDate "1999.10.02"]
[PlyCount "117"]

1.e4 c5 2.Nf3 d6 3.d4 cxd4 4.Qxd4 Nc6 5.Bb5 Bd7 6.Bxc6 Bxc6 7.Nc3 Nf6 8.
Bg5 e6 9.O-O-O Be7 10.Rhe1 Qc7 11.Nd5 Bxd5 12.exd5 e5 13.Qa4+ Qd7 14.Qh4 
O-O 15.Kb1 Rac8 16.Qb4 Rc5 17.Nxe5 Qf5 18.Bxf6 Bxf6 19.Nd3 Rxd5 20.Qxb7 
Rb5 21.Qe4 Qc8 22.c4 Rb6 23.Re2 Rc6 24.Rc1 g6 25.Nb4 Rc5 26.Nd5 Bd8 27.g4 
Qa6 28.Qd4 Bg5 29.f4 Rxd5 30.Qxd5 Bxf4 31.Rf1 Be5 32.h4 Qc8 33.Ref2 Qb8 
34.h5 Kh8 35.hxg6 hxg6 36.Rh1+ Kg7 37.g5 Qb6 38.Rhf1 Kg8 39.b3 Qc7 40.Rh1 
Qe7 41.Rhf1 Qc7 42.Qe4 a5 43.Rh1 Bg7 44.Qh4 Re8 45.Qh7+ Kf8 46.Qxg6 Re2 
47.Rhf1 Rxf2 48.Rxf2 Qe7 49.Kc2 Kg8 50.Qf5 a4 51.bxa4 Qb7 52.Kc1 Qh1+ 53.
Rf1 Qb7 54.Kd1 Qc7 55.g6 fxg6 56.Qe6+ Kh7 57.Rh1+ Bh6 58.Qh3 Qg7 59.Qxh6+ 
1-0

[Event "16th ECh U20 Girls"]
[Site "Patras GRE"]
[Date "1999.10.13"]
[Round "8"]
[White "Gurbanova, Kemala"]
[Black "Potikha, Liza"]
[Result "0-1"]
[WhiteElo "2078"]
[BlackElo "2061"]
[EventDate "1999.10.02"]
[PlyCount "108"]

1.d4 d5 2.c4 e6 3.Nc3 c5 4.cxd5 cxd4 5.Qxd4 exd5 6.Qxd5 Bd7 7.Qe5+ Be6 8.
Bf4 Nc6 9.Qb5 Nf6 10.Rd1 Qc8 11.e4 Bb4 12.Bd3 Bxa2 13.Ne2 Bb3 14.Rc1 O-O 
15.O-O Qd7 16.Bc2 a6 17.Qb6 Bc4 18.Rfd1 Qe7 19.Qc7 Rac8 20.Qxe7 Nxe7 21.
Ng3 Ng6 22.Bd6 Bxd6 23.Rxd6 Rfd8 24.Rcd1 Rxd6 25.Rxd6 b5 26.Bd3 b4 27.Nce2
Ne5 28.Bxc4 Nxc4 29.Rxa6 Nxb2 30.Rb6 Nd3 31.Nf5 Ra8 32.Neg3 Nxe4 33.f3 
Nxg3 34.Nxg3 Ra1+ 35.Nf1 Kf8 36.Rd6 b3 37.Rxd3 b2 38.Rb3 b1=Q 39.Rxb1 Rxb1
40.Kf2 Ke7 41.Ne3 Ke6 42.f4 g6 43.g4 f5 44.g5 Rb2+ 45.Kg3 Re2 46.Ng2 Kd5 
47.Kf3 Re4 48.Ne3+ Kd4 49.Nf1 Kd3 50.h4 Re2 51.h5 Re1 52.Ng3 Re3+ 53.Kf2 
Rxg3 54.hxg6 hxg6 0-1

[Event "16th ECh U20 Girls"]
[Site "Patras GRE"]
[Date "1999.10.13"]
[Round "8"]
[White "Krivec, Jana"]
[Black "Bogza, Adina"]
[Result "1-0"]
[WhiteElo "2177"]
[BlackElo "2210"]
[EventDate "1999.10.02"]
[PlyCount "67"]

1.e4 d6 2.d4 Nf6 3.Nc3 g6 4.Bg5 c6 5.Qd2 b5 6.Bd3 Nbd7 7.d5 cxd5 8.Bxf6 
Nxf6 9.Bxb5+ Bd7 10.Bxd7+ Qxd7 11.exd5 Rb8 12.Rb1 Rb4 13.Nge2 Bg7 14.O-O 
O-O 15.b3 Rc8 16.Na4 Rxa4 17.bxa4 Qxa4 18.c4 Qxc4 19.Rfc1 Qa6 20.Rxc8+ 
Qxc8 21.Qc3 Qxc3 22.Rb8+ Qc8 23.Rxc8+ Bf8 24.Nc3 Nd7 25.Rc7 Nb6 26.Rxa7 
Bg7 27.Rb7 Bxc3 28.Rxb6 Kg7 29.a4 Kf6 30.Rb5 Ke5 31.a5 f5 32.a6 Bd4 33.Rb7
Kxd5 34.Rxe7 1-0

[Event "16th ECh U20 Girls"]
[Site "Patras GRE"]
[Date "1999.10.13"]
[Round "8"]
[White "Palotai, Piroska"]
[Black "Horn, Emilia"]
[Result "1-0"]
[WhiteElo "2072"]
[BlackElo "2003"]
[EventDate "1999.10.02"]
[PlyCount "89"]

1.e4 g6 2.Nc3 Nf6 3.e5 Nh5 4.Bc4 d6 5.Qf3 e6 6.g4 Ng7 7.Ne4 Be7 8.Nf6+ Kf8
9.d4 Nc6 10.Qf4 h6 11.h4 Bxf6 12.exf6 Ne8 13.Be3 Qxf6 14.Qxf6 Nxf6 15.f3 
b6 16.Kf2 Bb7 17.Ne2 h5 18.g5 Ne8 19.c3 Ng7 20.Ng3 e5 21.Bd5 exd4 22.cxd4 
Ne6 23.Rhd1 Ncd8 24.Bxb7 Nxb7 25.d5 Ng7 26.Rac1 Rc8 27.Rc2 a5 28.Bxb6 Ne8 
29.Rdc1 Ke7 30.Bxc7 Kd7 31.Bb6 Rxc2+ 32.Rxc2 Rf8 33.Ne4 f5 34.gxf6 Nc5 35.
Bxc5 dxc5 36.Rxc5 Nxf6 37.Nxf6+ Rxf6 38.Rxa5 Rb6 39.b3 Kd6 40.Ke3 Rb4 41.
Ra4 Rb5 42.Rd4 Rb8 43.Rd3 Re8+ 44.Kf4 Re5 45.a4 1-0

[Event "16th ECh U20 Girls"]
[Site "Patras GRE"]
[Date "1999.10.14"]
[Round "9"]
[White "Dacalor, Aurelie"]
[Black "Krivec, Jana"]
[Result "0-1"]
[WhiteElo "2131"]
[BlackElo "2177"]
[EventDate "1999.10.02"]
[PlyCount "62"]

1.d4 Nf6 2.c4 g6 3.Nc3 Bg7 4.e4 d6 5.f4 O-O 6.Nf3 Na6 7.Be2 e5 8.dxe5 dxe5
9.Qxd8 Rxd8 10.Nxe5 Nc5 11.Bf3 Be6 12.O-O Nfd7 13.Nxd7 Bd4+ 14.Kh1 Rxd7 
15.Nd5 c6 16.Ne3 Nd3 17.f5 Nxc1 18.fxe6 fxe6 19.Ng4 Nd3 20.Rad1 Bg7 21.Rd2
Rad8 22.b3 h5 23.Ne3 Bh6 24.Re2 Ne5 25.h4 Rd2 26.Rxd2 Rxd2 27.Nd1 Rxa2 28.
g4 hxg4 29.Bg2 Rd2 30.Nf2 Be3 31.Nd1 Bd4 0-1

[Event "16th ECh U20 Girls"]
[Site "Patras GRE"]
[Date "1999.10.14"]
[Round "9"]
[White "Bogza, Adina"]
[Black "Virnik, Elena"]
[Result "1/2-1/2"]
[WhiteElo "2210"]
[BlackElo "2154"]
[EventDate "1999.10.02"]
[PlyCount "75"]

1.d4 Nf6 2.Nf3 e6 3.Bg5 h6 4.Bxf6 Qxf6 5.e4 d6 6.Nc3 g5 7.h3 Bg7 8.Bd3 Nc6
9.Ne2 Bd7 10.c3 h5 11.h4 g4 12.Ng5 e5 13.Bc4 Nd8 14.O-O Qg6 15.dxe5 Bxe5 
16.Qd2 f6 17.f4 gxf3 18.Nxf3 Qxe4 19.Ned4 Qg4 20.Rae1 Nc6 21.Nxc6 Bxc6 22.
Nxe5 fxe5 23.Bf7+ Ke7 24.Qg5+ Qxg5 25.hxg5 Rh7 26.g6 Rg7 27.Rf5 Rh8 28.
Ref1 Rh6 29.Rf6 Bd7 30.Kh2 h4 31.Bd5 Rhxg6 32.Rxg6 Rxg6 33.Rf7+ Ke8 34.Rh7
Rf6 35.Bxb7 h3 36.Rh8+ Ke7 37.Rh7+ Ke8 38.Rh8+ 1/2-1/2

[Event "16th ECh U20 Girls"]
[Site "Patras GRE"]
[Date "1999.10.14"]
[Round "9"]
[White "Iwaniuk, Dorota"]
[Black "Batyte, Daiva"]
[Result "1-0"]
[WhiteElo "2189"]
[BlackElo "2107"]
[EventDate "1999.10.02"]
[PlyCount "79"]

1.e4 e6 2.d4 d5 3.Nc3 Nf6 4.e5 Nfd7 5.f4 a6 6.Nf3 c5 7.Be3 cxd4 8.Nxd4 Nc6
9.Qd2 Bb4 10.a3 Nxd4 11.Bxd4 Bc5 12.O-O-O b5 13.Bxc5 Nxc5 14.Qd4 Nd7 15.h4
Qb6 16.Ne2 O-O 17.Rh3 f6 18.exf6 Qxd4 19.Nxd4 Rxf6 20.Re3 Nc5 21.g3 Bd7 
22.Nf3 Ne4 23.Ne5 Be8 24.Bg2 Nd6 25.Rxd5 Nc4 26.Nxc4 exd5 27.Bxd5+ Bf7 28.
Bxa8 Bxc4 29.b3 Bf7 30.Kb2 Kf8 31.Kc3 a5 32.Kd4 Be8 33.c4 a4 34.cxb5 Bxb5 
35.b4 h6 36.Kc5 Bd7 37.b5 g6 38.b6 Rf5+ 39.Re5 Rf6 40.Bd5 1-0

[Event "16th ECh U20 Girls"]
[Site "Patras GRE"]
[Date "1999.10.14"]
[Round "9"]
[White "Kalinina, Vladislava"]
[Black "Radziewicz, Iweta"]
[Result "0-1"]
[WhiteElo "2239"]
[BlackElo "2395"]
[EventDate "1999.10.02"]
[PlyCount "106"]

1.e4 e6 2.d4 d5 3.Nc3 Nc6 4.Nf3 Nf6 5.e5 Ne4 6.Bb5 Bd7 7.Bxc6 Bxc6 8.O-O 
Be7 9.Nd2 Nxc3 10.bxc3 Ba4 11.f4 Qd7 12.Nb3 b6 13.Be3 g6 14.Kh1 a5 15.Rf2 
Bb5 16.Qf3 a4 17.Nd2 Qc6 18.c4 Bxc4 19.Nxc4 Qxc4 20.f5 gxf5 21.g4 O-O-O 
22.gxf5 Kb7 23.f6 Ba3 24.Qe2 Bb2 25.Rg1 Qxa2 26.c3 a3 27.Bc1 Rhg8 28.Rgf1 
Ra8 29.Bxb2 axb2 30.Qxb2 Qc4 31.Qc2 Rg6 32.Rc1 Ra3 33.Qd2 Qa6 34.Qe2 Qa4 
35.Qb2 h5 36.Rb1 Qa6 37.Rd1 h4 38.Rg1 Rxg1+ 39.Kxg1 h3 40.Re2 Qd3 41.Qc2 
Qf3 42.Re1 Rxc3 43.Qe2 Qf4 44.Ra1 Qxd4+ 45.Kh1 Qe4+ 46.Qxe4 dxe4 47.Kg1 b5
48.Rb1 Kb6 49.Kf2 Kc5 50.Ra1 Rd3 51.Rc1+ Kb6 52.Rg1 b4 53.Rg7 b3 0-1

[Event "16th ECh U20 Girls"]
[Site "Patras GRE"]
[Date "1999.10.14"]
[Round "9"]
[White "Kucypera, Anna"]
[Black "Buckley, Melanie"]
[Result "1/2-1/2"]
[WhiteElo "2218"]
[BlackElo "2075"]
[EventDate "1999.10.02"]
[PlyCount "92"]

1.e4 e6 2.d4 d5 3.Nc3 Bb4 4.Qg4 Nf6 5.Qxg7 Rg8 6.Qh6 dxe4 7.Ne2 b6 8.Bg5 
Rg6 9.Qh4 Bb7 10.O-O-O Nbd7 11.Nf4 Rxg5 12.Qxg5 Bxc3 13.bxc3 Qe7 14.Be2 
Qa3+ 15.Kd2 e3+ 16.Kxe3 Qxc3+ 17.Bd3 O-O-O 18.f3 c5 19.dxc5 e5 20.Ne2 Nd5+
21.Kf2 Qxc5+ 22.Ke1 f6 23.Qg7 Qa5+ 24.c3 Ne3 25.Rd2 Bd5 26.Be4 Rg8 27.Rxd5
Qxd5 28.Bxd5 Rxg7 29.Be6 Nxg2+ 30.Kf2 Nh4 31.Ng3 Kc7 32.Rd1 Nc5 33.Bh3 Rf7
34.Rd5 Ng6 35.Ne2 f5 36.c4 a6 37.Rd1 Ne7 38.Nc3 e4 39.Ke2 Nd3 40.Bf1 Nc5 
41.fxe4 Nxe4 42.Nxe4 fxe4 43.Bg2 Nc6 44.Bxe4 Re7 45.Ke3 Ne5 46.Rc1 Ng4+ 
1/2-1/2

[Event "16th ECh U20 Girls"]
[Site "Patras GRE"]
[Date "1999.10.14"]
[Round "9"]
[White "Makka, Ioulia"]
[Black "Jurkiewicz, Katarzyna"]
[Result "1-0"]
[WhiteElo "2099"]
[BlackElo "2225"]
[EventDate "1999.10.02"]
[PlyCount "153"]

1.c4 f5 2.d4 Nf6 3.Nf3 g6 4.g3 Bg7 5.Bg2 d6 6.O-O O-O 7.Nc3 e6 8.Qc2 Nc6 
9.b3 Nb4 10.Qd2 a5 11.Bb2 Qe7 12.a3 Na6 13.Rad1 Bd7 14.Qd3 d5 15.cxd5 exd5
16.Rc1 c6 17.Na4 Rae8 18.Ne5 Ng4 19.f4 Nxe5 20.dxe5 b5 21.Nb6 Rd8 22.Nxd7 
Qxd7 23.Qc3 Qa7+ 24.Kh1 Nb8 25.Qc5 Qxc5 26.Rxc5 Rfe8 27.Rd1 Bf8 28.Rc2 Rd7
29.Bf3 h5 30.h3 Kf7 31.g4 hxg4 32.hxg4 Ke6 33.Rcd2 Bc5 34.Rc2 Be3 35.Bc1 
Bb6 36.Kg2 Rh7 37.Rxc6+ Nxc6 38.Bxd5+ Ke7 39.Bxc6 Rd8 40.Rxd8 Kxd8 41.Bxb5
Rc7 42.Bc4 a4 43.Bd2 Rd7 44.Bb4 axb3 45.Bxb3 Rb7 46.Be6 fxg4 47.Bxg4 Rf7 
48.Kf3 Bd4 49.Ke4 Bb2 50.Be6 Ra7 51.Kf3 Bxa3 52.Bxa3 Rxa3+ 53.Kg4 Ke7 54.
Bc4 Kf8 55.e4 Ra1 56.Kg5 Kg7 57.Kg4 Rg1+ 58.Kf3 Ra1 59.Bd5 Ra3+ 60.Kg4 Ra1
61.Bc4 Ra4 62.Bd5 Rb4 63.Kf3 Ra4 64.f5 gxf5 65.exf5 Rb4 66.Be4 Ra4 67.Bc6 
Rb4 68.Be8 Rc4 69.f6+ Kf8 70.Bg6 Ra4 71.e6 Ra7 72.Kf4 Rc7 73.Ke5 Ra7 74.
Be4 Rc7 75.Kd6 Rc8 76.Kd7 Rb8 77.Bd5 1-0

[Event "16th ECh U20 Girls"]
[Site "Patras GRE"]
[Date "1999.10.14"]
[Round "9"]
[White "Mladenovic, Jelena"]
[Black "Reizniece, Dana"]
[Result "0-1"]
[WhiteElo "2023"]
[BlackElo "2294"]
[EventDate "1999.10.02"]
[PlyCount "112"]

1.e4 d6 2.d4 Nf6 3.Nc3 g6 4.f3 c6 5.Be3 b5 6.Qd2 Nbd7 7.O-O-O Qa5 8.Kb1 
Nb6 9.Nd5 Qxd2 10.Nxf6+ exf6 11.Bxd2 Bd7 12.Bd3 Bg7 13.Bf4 Ke7 14.Ne2 a5 
15.Rhe1 b4 16.c4 bxc3 17.Nxc3 Rhc8 18.d5 c5 19.Nb5 Bxb5 20.Bxb5 a4 21.a3 
Rcb8 22.Bg3 Ra5 23.Bf1 Kd7 24.Re3 Kc7 25.f4 Nd7 26.Be1 Ra7 27.Bc3 h5 28.h3
h4 29.g4 hxg3 30.Rxg3 Bh6 31.Rf3 Re8 32.Re1 Kb6 33.Bd3 Re7 34.Bc2 Kb5 35.
f5 Bg5 36.Rh1 Ra8 37.h4 Rh8 38.Rfh3 Bf4 39.fxg6 fxg6 40.Ka2 c4 41.Bd4 Ne5 
42.Rf1 Bg5 43.Rfh1 Bf4 44.Rf1 g5 45.hxg5 Rxh3 46.gxf6 Rf7 47.Rxf4 Rh2 48.
Bd1 Rd2 49.Bh5 Rxd4 50.Bxf7 Nxf7 51.Rg4 Rd2 52.Rg7 Ne5 53.Rb7+ Kc5 54.Rc7+
Kd4 55.Re7 c3 56.Re6 c2 0-1

[Event "16th ECh U20 Girls"]
[Site "Patras GRE"]
[Date "1999.10.14"]
[Round "9"]
[White "Potikha, Liza"]
[Black "Palotai, Piroska"]
[Result "1-0"]
[WhiteElo "2061"]
[BlackElo "2072"]
[EventDate "1999.10.02"]
[PlyCount "105"]

1.e4 e5 2.Nf3 Nc6 3.d4 exd4 4.Nxd4 Bc5 5.Be3 Qf6 6.c3 Nge7 7.g3 d5 8.Bg2 
dxe4 9.Nb5 Bd6 10.Nd2 Qe5 11.Nxd6+ cxd6 12.Nc4 Qd5 13.Nxd6+ Kf8 14.Nxc8 
Rxc8 15.Qxd5 Nxd5 16.Bc5+ Kg8 17.O-O-O Nf6 18.Rhe1 Re8 19.Bd4 Nxd4 20.Rxd4
h5 21.h3 Rh6 22.Bxe4 Nxe4 23.Rdxe4 Rxe4 24.Rxe4 Rf6 25.f4 Kf8 26.Kd2 Rg6 
27.Re3 Rf6 28.b3 Rd6+ 29.Kc2 g6 30.c4 Rc6 31.Kd3 Ra6 32.Re2 Ra3 33.Kc3 f6 
34.Kb4 Ra6 35.c5 Rc6 36.Kc4 b6 37.b4 Kf7 38.Kd5 Rc8 39.c6 Rd8+ 40.Kc4 a6 
41.a4 Rd1 42.Re3 Rd8 43.b5 a5 44.Rd3 Re8 45.Rd7+ Ke6 46.Rb7 Kd6 47.Rd7+ 
Ke6 48.Rb7 Kd6 49.c7 g5 50.Rb8 Re4+ 51.Kd3 Kxc7 52.Kxe4 Kxb8 53.fxg5 1-0

[Event "16th ECh U20 Girls"]
[Site "Patras GRE"]
[Date "1999.10.14"]
[Round "9"]
[White "Tkeshelashvili, Sopio"]
[Black "Polovnikova, Ekaterina"]
[Result "1-0"]
[WhiteElo "2284"]
[BlackElo "2299"]
[EventDate "1999.10.02"]
[PlyCount "57"]

1.e4 c6 2.d4 d5 3.e5 Bf5 4.Nc3 e6 5.g4 Bg6 6.Nge2 Qh4 7.h3 Bb4 8.Bf4 Qd8 
9.Bg2 c5 10.a3 Ba5 11.dxc5 Nc6 12.b4 Bc7 13.Nb5 a5 14.c4 Bxe5 15.cxd5 Bxa1
16.Nc7+ Kf8 17.Nxa8 Ne5 18.Qxa1 Nd3+ 19.Kf1 Qxa8 20.Bd6+ Ne7 21.b5 Qe8 22.
Qd4 e5 23.Qe3 Qd7 24.a4 b6 25.Bxe5 Nxe5 26.d6 Nc8 27.Bc6 Qe6 28.Nd4 Qc4+ 
29.Kg2 1-0

[Event "16th ECh U20 Girls"]
[Site "Patras GRE"]
[Date "1999.10.15"]
[Round "10"]
[White "Polovnikova, Ekaterina"]
[Black "Potikha, Liza"]
[Result "1-0"]
[WhiteElo "2299"]
[BlackElo "2061"]
[EventDate "1999.10.02"]
[PlyCount "61"]

1.e4 e5 2.Nf3 Nc6 3.Bb5 a6 4.Bxc6 dxc6 5.O-O Bg4 6.h3 h5 7.d3 Qf6 8.Nbd2 
b5 9.Re1 Bc5 10.d4 Bxf3 11.Nxf3 Bxd4 12.c3 Bb6 13.Qb3 Qe7 14.a4 f6 15.axb5
cxb5 16.Rxa6 Rxa6 17.Qxb5+ Kf7 18.Qxa6 g5 19.Be3 Qe6 20.Bxb6 cxb6 21.Qb7+ 
Ne7 22.Rd1 Re8 23.Rd7 Kf8 24.Qc7 Qb3 25.Rd6 Qxb2 26.Rxf6+ Kg7 27.Qxe5 Qc1+
28.Kh2 Nc6 29.Qxe8 Kxf6 30.Qxc6+ Ke7 31.Qc7+ 1-0

[Event "16th ECh U20 Girls"]
[Site "Patras GRE"]
[Date "1999.10.15"]
[Round "10"]
[White "Buckley, Melanie"]
[Black "Henriques, Sofia"]
[Result "1/2-1/2"]
[WhiteElo "2075"]
[BlackElo "2018"]
[EventDate "1999.10.02"]
[PlyCount "67"]

1.e4 e5 2.Bc4 Nf6 3.d3 Nc6 4.Nf3 Be7 5.O-O O-O 6.Re1 d6 7.a4 Be6 8.Nbd2 
Na5 9.Ba2 Bxa2 10.Rxa2 c5 11.Nf1 Re8 12.Ng3 g6 13.h3 Bf8 14.Be3 a6 15.Qd2 
Nc6 16.c3 Bg7 17.Nh2 b6 18.Bh6 d5 19.Bxg7 Kxg7 20.Qe2 Qd7 21.Raa1 Rad8 22.
Kf1 dxe4 23.dxe4 Qd3 24.Rad1 Qxe2+ 25.Kxe2 c4 26.Nhf1 Rxd1 27.Rxd1 Rd8 28.
Rxd8 Nxd8 29.Nd2 b5 30.axb5 axb5 31.b3 cxb3 32.Nxb3 Kf8 33.Kd3 Ke7 34.Ne2 
1/2-1/2

[Event "16th ECh U20 Girls"]
[Site "Patras GRE"]
[Date "1999.10.15"]
[Round "10"]
[White "Horn, Emilia"]
[Black "Hitzgerova, Gabriela"]
[Result "1/2-1/2"]
[WhiteElo "2003"]
[BlackElo "2208"]
[EventDate "1999.10.02"]
[PlyCount "26"]

1.e4 c5 2.Nf3 d6 3.Bd3 Nf6 4.c3 Nc6 5.Bc2 Bg4 6.d3 e6 7.O-O Be7 8.Re1 O-O 
9.a3 Nd7 10.h3 Bh5 11.Nbd2 Nde5 12.g4 Bg6 13.Nxe5 Nxe5 1/2-1/2

[Event "16th ECh U20 Girls"]
[Site "Patras GRE"]
[Date "1999.10.15"]
[Round "10"]
[White "Krivec, Jana"]
[Black "Pokorna, Regina"]
[Result "1/2-1/2"]
[WhiteElo "2177"]
[BlackElo "2198"]
[EventDate "1999.10.02"]
[PlyCount "48"]

1.e4 e5 2.Nc3 Nf6 3.g3 Bc5 4.Bg2 Nc6 5.Nge2 a6 6.d3 d6 7.O-O Bd7 8.h3 h6 
9.Kh2 Qe7 10.Nd5 Nxd5 11.exd5 Nd4 12.Nxd4 Bxd4 13.c3 Bb6 14.d4 O-O 15.dxe5
Qxe5 16.f4 Qf6 17.Qf3 Rae8 18.Bd2 Qf5 19.Rac1 Re7 20.g4 Qf6 21.Rce1 Rfe8 
22.Rxe7 Rxe7 23.Re1 Rxe1 24.Bxe1 c6 1/2-1/2